00293nam a2200121Ia 4500008004100000020001500041041001200056100001600068245003900084260003000123300000800153650001000161221030s9999 xx 000 0 und d a8189401238 aEnglish aK. R. Arora 0aSurveying : Vol. Icby K. R. Arora bStandard PubaDelhic2012 a690 aCivil